=LDR 00000nam 2200000 4500 =001 001073 =005 20250713092344 =035 ##$$a 0010-0725000954 =007 ta =008 250713################a##########0#ind## =020 ##$$a 987-623-118-887-8 =082 ##$$a 398. 209 598 =084 ##$$a 398. 209 598 UTA s =100 #$$a Utami, Retno =245 1#$$a Senyum Ulan /$c Retno Utami =250 ##$$a Cetakan Pertama =260 ##$$a Jakarta Timur :$b Badan Pengembangan dan Pembinaan Bahasa,$c 2024 =300 ##$$a 24 hlm. : $b Ilus. ; $c 29,7 cm =650 #4$$a Cerita Anak-Indonesia =650 #4$$a Cerita Bergambar =990 ##$$a TBM202400656